| 000 | 00761nam a22002057a 4500 | ||
|---|---|---|---|
| 008 | 130924b xxu||||| |||| 00| 0 eng d | ||
| 020 | _a0230425798 | ||
| 020 | _a9780230425798 | ||
| 082 |
_a428.24 _bIEL _222 |
||
| 245 |
_aIELTS Foundation : _bStudy Skills : A self-study course for all Academic Modules / _cShort, Jane... [et al.]. |
||
| 250 | _a2nd ed. | ||
| 260 |
_aOxford : _bMacmillan Education, _c2012 |
||
| 300 |
_a96 p. : _bill. ; _c28 cm. + _e1 sound disc (CD) |
||
| 650 |
_98449 _aEnglish language _v-- Problems, exercises |
||
| 650 |
_943 _aEnglish language _vTextbooks for foreign speakers. |
||
| 650 |
_935 _aInternational English Language Testing System. |
||
| 653 |
_bENG _cSeptember2013 |
||
| 700 |
_933732 _aShort, Jane |
||
| 942 |
_2ddc _cBB |
||
| 999 |
_c17547 _d17519 |
||